Protocols des sages de sion / (Record no. 129723)

MARC details
000 -LEADER
campo de control de longitud fija 00696nam a2200193 i 4500
001 - NÚMERO DE CONTROL
campo de control 129723
003 - IDENTIFICADOR DE NÚMERO DE CONTROL
campo de control ES-MaACL
005 - FECHA Y HORA DE LA ÚLTIMA TRANSACCIÓN
campo de control 20230906193547.0
007 - CAMPO FIJO DE DESCRIPCIÓN FÍSICA--INFORMACIÓN GENERAL
campo de control de longitud fija t|
008 - DATOS DE LONGITUD FIJA--INFORMACIÓN GENERAL
campo de control de longitud fija 070704s1925 fr h |||| | fre d
080 ## - NÚMERO DE LA CLASIFICACIÓN DECIMAL UNIVERSAL
Número de la Clasificación Decimal Universal 296:32
245 00 - MENCIÓN DEL TÍTULO
Título Protocols des sages de sion /
Mención de responsabilidad, etc. traduit directement du russe et précedés d'une introduction par Roger Lambelin ; avec une reproduction de la couverturre de l'édition russe de 1912.
250 ## - MENCION DE EDICION
Mención de edición 20e ed.
260 ## - PUBLICACIÓN, DISTRIBUCIÓN, ETC.
Lugar de publicación, distribución, etc. Paris :
Nombre del editor, distribuidor, etc. Bernard Grasset,
Fecha de publicación, distribución, etc. 1925.
300 ## - DESCRIPCIÓN FÍSICA
Extensión XXXV, 151 p. ;
Dimensiones 19 cm.
650 14 - PUNTO DE ACCESO ADICIONAL DE MATERIA--TÉRMINO DE MATERIA
Término de materia o nombre geográfico como elemento de entrada Judaismo y política.
9 (RLIN) 152641
700 1# - ENTRADA AGREGADA--NOMBRE PERSONAL
Nombre de persona Lamberlin, Roger.
9 (RLIN) 69804
852 ## - LOCALIZACIÓN
Ubicación ES-MaACL
Número de control de estantería E-11815
Nota libre . - Biblioteca Jacinto Martínez Lacalle
Holdings
Estatus retirado Estado de pérdida Estado de daño No para préstamo Biblioteca de origen Biblioteca actual Ubicación en estantería Fecha de adquisición Fuente de adquisición Total de préstamos Signatura topográfica completa Código de barras Visto por última vez Precio de reemplazo Tipo de ítem Koha
        Biblioteca del Ateneo de Madrid Biblioteca del Ateneo de Madrid Depósito 2 17/01/2008     E-11815 1135078 23/02/2023 23/02/2023 Libro impreso